Normal view MARC view

Entry Topical Term

Number of records used in: 1

001 - CONTROL NUMBER

  • control field: 249095

003 - CONTROL NUMBER IDENTIFIER

  • control field: OSt

005 - DATE AND TIME OF LATEST TRANSACTION

  • control field: 20251215111348.0

008 - FIXED-LENGTH DATA ELEMENTS

  • fixed length control field: 251215|| aca||aabn | a|a d

040 ## - CATALOGING SOURCE

  • Original cataloging agency: OSt
  • Transcribing agency: OSt

150 ## - HEADING--TOPICAL TERM

  • Topical term or geographic name entry element: prastutate

670 ## - SOURCE DATA FOUND

  • Source citation: Work cat.: (OSt)152799: RADHAKRASHNA (K L) Ed ರಾಧಾಕೃಷ್ಣ (ಕೆ ಎಲ್) 249093, Ratnakaravarni prastutate mattu itivratta, 2012